| 000 | 00860nam a2200277Ia 4500 | ||
|---|---|---|---|
| 003 | OSt | ||
| 005 | 20220927105749.0 | ||
| 006 | a|||||r|||| 00| 0 | ||
| 007 | ta | ||
| 008 | 220926b |||||||| |||| 00| 0 eng d | ||
| 020 | _a9780821375365 | ||
| 024 | _a206888 | ||
| 037 | _cReference Collections | ||
| 040 |
_aRTL _cRTL _beng |
||
| 041 |
_2eng _aeng |
||
| 082 | _a"X9(L:5):8.73, P8/GD" | ||
| 100 | _aWORLD BANK | ||
| 110 | _aWORLD BANK | ||
| 245 | 0 |
_aPerformance-based contracting for health services in developing countries _b A toolkit |
|
| 260 |
_a"Washington," _b"D.C. World Bank, " _c2008 |
||
| 300 |
_axix; 202p. _ccm. |
||
| 500 | _aBibliopgraphy: P 312-343; Appendix: P 309-311; Glossary: P xi-lx | ||
| 700 | _aWORLD BANK | ||
| 942 |
_h"X9(L:5):8.73, P8/GD" _cCC |
||
| 999 |
_c694488 _d694488 |
||